000 00393pab a2200157 454500
008 180718b2001 xxu||||| |||| 00| 0 eng d
100 _aSundari, S.
245 _aDomestic and commercial solid waste management
260 _c2001
300 _ap.67-89
362 _aJan
650 _aWaste treatment
700 _aSaradha, K.K.
773 _aIndian Journal of Social Work
909 _a48536
999 _c48536
_d48536